| 000 | 00928nam a22002417a 4500 | ||
|---|---|---|---|
| 001 | 56279 | ||
| 003 | UA-OsUOA | ||
| 005 | 20230504161255.0 | ||
| 007 | ta | ||
| 008 | 20081013b un ||||| |||| 00| 0 ukr d | ||
| 020 | _a978-966-02-4449-8 | ||
| 040 |
_aUA-OsUOA _bukr _cUA-OsUOA _dUA-OsUOA |
||
| 041 | _aukr | ||
| 080 | _a330.341.1 (477) | ||
| 090 |
_a330.341.1 (477) _bП81 |
||
| 245 |
_aПромисловий потенціал України: проблеми та перспективи структурно-інноваційних трансформацій _cвідпов. ред. Ю. В. Кіндзерський |
||
| 260 |
_aК. _bІн-т економіки та прогнозування НАН України _c2007 |
||
| 300 | _a408 с. | ||
| 650 | 7 |
_a330 Економіка взагалі _2UDC |
|
| 942 |
_cBK _2udc |
||
| 955 | _a1 | ||
| 999 |
_c342323 _d342323 |
||